000 00744nas a2200241 4500
001 BR0706841
003 BR-BrBNA
005 20231205111314.0
007 ta
008 230509b bl.|||p| |||| 00| 00por d
040 _aBR-BrBNA
_bpor
_cBiblioteca Nacional de Agricultura
041 _a(En)
072 _aL70; L50
100 1 _aHoshino, K.
100 1 _aLucchiari, P.H.
100 1 _aBacila, M.
245 1 _aReversible cardiac arrest induced by startling stimuli in the antartic fish - Notothemia neglecta
650 _aPEIXE
650 _aCORAÇÃO
773 0 _tArchives of Veterinary Science (Brazil)
_xISSN 1517-784X
_g(Oct 1998), v. 3(1) p. 83-86
_wBR0706841
909 _a202311
_bLúcia
_c55
_dLúcia Elande
942 _2AGRIS
_n0
_cANA
999 _c191943
_d191943